|
|
|
|
| LEADER |
00740nam a2200217 a 4500 |
| 001 |
c000272086 |
| 003 |
CARM |
| 005 |
20070914142531.0 |
| 008 |
070914s1980 enk 000 1 eng d |
| 019 |
1 |
|
|a 50074255
|5 LACONCORD2021
|
| 020 |
|
|
|a 0552115428 (pbk.)
|
| 035 |
|
|
|a (OCoLC)812547527
|5 LACONCORD2021
|
| 040 |
|
|
|a VCAV
|b eng
|c VCAV
|
| 100 |
1 |
|
|a Edson, John Thomas.
|
| 245 |
1 |
0 |
|a Calamity, Mark and Belle /
|c J.T. Edson.
|
| 250 |
|
|
|a Corgi ed.
|
| 260 |
|
|
|a London :
|b Corgi,
|c 1980.
|
| 300 |
|
|
|a 207 p.
|
| 852 |
8 |
|
|b CARM
|h A1:AM19A0
|i A04808
|p 0374418
|f BK
|
| 999 |
f |
f |
|i 80219bb7-dd79-5d01-b125-c216442df78d
|s ae43e385-a2ba-5c79-9125-81c5f2c5689e
|
| 952 |
f |
f |
|p Can circulate
|a CAVAL
|b CAVAL
|c CAVAL
|d CARM 1 Store
|e A04808
|f A1:AM19A0
|h Other scheme
|i book
|m 0374418
|